Statystyki dla Państwa, Stany USA, oraz Stolice na Mapie Świata

Kliknij tutaj aby rozwiązać quiz!

Ogólne statystyki

  • Ten quiz został rozwiązany 2 186 razy
  • Średni wynik to 252 z 496

Odpowiedzi na mapie

Odpowiedzi skodowane kolorowo w zielono-czerwonej skali na mapie do tego quizu, zgodnie z poniższymi procentami.
 

Statystyki odpowiedzi

RodzajLatLonOdpowiedź% Poprawnych
CountryKanada
86%
World Capital19.43-99.1Meksyk
84%
CountryMeksyk
84%
CountryPolska
84%
CountryRosja
83%
World Capital52.2321Warszawa
83%
US StateAlaska
82%
CountryNiemcy
81%
US StateWaszyngton
81%
World Capital38.88-77.02Waszyngton
81%
CountryBrazylia
80%
CountryDania
80%
CountryFrancja
80%
CountryHiszpania
80%
CountryIslandia
80%
World Capital55.7537.35Moskwa
80%
CountryNorwegia
80%
CountrySzwecja
80%
CountryUkraina
80%
CountryWielka Brytania
80%
World Capital52.5213.25Berlin
79%
CountryBiałoruś
79%
CountryChiny
79%
CountryFinlandia
79%
CountryIrlandia
79%
CountryLitwa
79%
CountryŁotwa
79%
US StateNowy Jork
79%
CountryPortugalia
79%
US StateTeksas
79%
CountryWłochy
79%
CountryCzechy
78%
CountryEstonia
78%
CountryGrecja
78%
World Capital51.5-0.05Londyn
78%
World Capital48.852.2Paryż
78%
CountrySłowacja
78%
CountryTurcja
78%
World Capital41.912.5Watykan
78%
CountryWatykan
78%
CountryArgentyna
77%
CountryAustralia
77%
CountryAustria
77%
CountryChile
77%
CountryJaponia
77%
World Capital50.4530.28Kijów
77%
World Capital40.38-3.45Madryt
77%
CountryRumunia
77%
World Capital42.51.32Andora
76%
CountryAndora
76%
CountryChorwacja
76%
CountryEgipt
76%
CountryHolandia
76%
CountryIndie
76%
US StateKalifornia
76%
World Capital38.7-9.1Lizbona
76%
World Capital49.66.09Luksemburg
76%
CountryLuksemburg
76%
World Capital59.9510.45Oslo
76%
CountryWęgry
76%
CountryBelgia
75%
CountryBułgaria
75%
World Capital53.33-6.15Dublin
75%
CountryKazachstan
75%
CountryKorea Północna
75%
CountryKorea Południowa
75%
CountryKuba
75%
World Capital43.727.4Monako
75%
CountryMonako
75%
CountryMongolia
75%
World Capital50.0814.22Praga
75%
CountrySan Marino
75%
World Capital43.9312.3San Marino
75%
CountryStany Zjednoczone
75%
CountryAlbania
74%
World Capital37.9723.46Ateny
74%
CountryIrak
74%
CountryIran
74%
World Capital55.6712.34Kopenhaga
74%
CountryPeru
74%
CountrySerbia
74%
World Capital52.374.54Amsterdam
73%
CountryArabia Saudyjska
73%
CountryBośnia i Hercegowina
73%
World Capital50.854.21Bruksela
73%
US StateFloryda
73%
World Capital60.1725.03Helsinki
73%
CountryKolumbia
73%
CountryMadagaskar
73%
CountryMaroko
73%
World Capital53.927.3Mińsk
73%
CountryNowa Zelandia
73%
CountryRepublika Południowej Afryki
73%
World Capital64.13-21.57Reykjavík
73%
CountrySłowenia
73%
World Capital59.3218.03Sztokholm
73%
CountrySzwajcaria
73%
World Capital35.68139.75Tokio
73%
CountryWenezuela
73%
CountryAlgieria
72%
CountryBoliwia
72%
CountryIndonezja
72%
CountryMołdawia
72%
CountryOman
72%
World Capital56.9324.08Ryga
72%
World Capital41.912.29Rzym
72%
CountryUrugwaj
72%
World Capital48.216.22Wiedeń
72%
World Capital54.6825.19Wilno
72%
World Capital48.1317.07Bratysława
71%
World Capital47.4719.05Budapeszt
71%
CountryDemokratyczna Republika Konga
71%
CountryGruzja
71%
World Capital4.1773.28Male
71%
CountryNiger
71%
CountryPakistan
71%
CountryTunezja
71%
CountryAfganistan
70%
World Capital44.4226.1Bukareszt
70%
CountryJemen
70%
CountryKosowo
70%
CountryLibia
70%
CountryLiechtenstein
70%
CountryNigeria
70%
World Capital8.98-79.5Panama
70%
CountryPanama
70%
CountryParagwaj
70%
World Capital39.9116.2Pekin
70%
CountryTajlandia
70%
CountryUzbekistan
70%
CountryWietnam
70%
CountryDominika
69%
CountryEkwador
69%
CountryFilipiny
69%
CountryIzrael
69%
CountryKongo
69%
CountryMalta
69%
CountryNepal
69%
World Capital59.4324.48Tallinn
69%
CountryZjednoczone Emiraty Arabskie
69%
World Capital36.773.08Algier
68%
CountryAzerbejdżan
68%
CountryCypr
68%
CountryCzarnogóra
68%
CountrySudan
68%
CountrySyria
68%
CountryTadżykistan
68%
CountryTurkmenistan
68%
World Capital45.8215.58Zagrzeb
68%
World Capital39.8732.54Ankara
67%
CountryArmenia
67%
World Capital46.957.28Berno
67%
CountryCzad
67%
CountryDominikana
67%
CountryEtiopia
67%
US StateHawaje
67%
CountryKenia
67%
CountryLaos
67%
CountryMacedonia Północna
67%
CountryPapua-Nowa Gwinea
67%
World Capital42.723.2Sofia
67%
CountrySomalia
67%
CountrySri Lanka
67%
CountryGujana
66%
CountryKirgistan
66%
CountryMalezja
66%
CountryMali
66%
World Capital37.55126.58Seul
66%
CountryTajwan
66%
World Capital-15.78-47.55Brasília
65%
CountryGwinea
65%
CountryHaiti
65%
World Capital30.0531.14Kair
65%
CountryKambodża
65%
US StateKarolina Północna
65%
CountryKatar
65%
CountrySudan Południowy
65%
CountryHonduras
64%
CountryJordania
64%
US StateKarolina Południowa
64%
US StateNowy Meksyk
64%
US StateOhio
64%
World Capital45.42-75.42Ottawa
64%
CountrySenegal
64%
CountryTanzania
64%
CountryZambia
64%
CountryAngola
63%
CountryBahamy
63%
CountryBangladesz
63%
CountryLiban
63%
CountryMjanma
63%
CountrySurinam
63%
CountryWybrzeże Kości Słoniowej
63%
CountryZimbabwe
63%
World Capital-34.6-60Buenos Aires
62%
CountryJamajka
62%
World Capital29.3747.98Kuwejt
62%
CountryKuwejt
62%
World Capital44.8220.4Belgrad
61%
US StateDakota Północna
61%
CountryErytrea
61%
World Capital4728.5Kiszyniów
61%
CountryKostaryka
61%
World Capital46.0514.33Lublana
61%
US StateNevada
61%
CountryNikaragua
61%
CountrySingapur
61%
World Capital1.28103.8Singapur
61%
World Capital41.3219.49Tirana
61%
World Capital47.139.31Vaduz
61%
US StateArizona
60%
CountryBhutan
60%
CountryBotswana
60%
US StateDakota Południowa
60%
CountryGhana
60%
CountryGwatemala
60%
World Capital14.6-90.22Gwatemala
60%
CountryGwinea Równikowa
60%
CountryMauretania
60%
CountryMozambik
60%
CountryTogo
60%
CountryUganda
60%
US StateAlabama
59%
CountryNamibia
59%
World Capital28.677.13Nowe Delhi
59%
CountryRepublika Środkowoafrykańska
59%
CountryRepublika Zielonego Przylądka
59%
CountrySalwador
59%
World Capital43.8718.26Sarajewo
59%
World Capital35.8814.31Valletta
59%
CountryBelize
58%
CountryKamerun
58%
CountryLiberia
58%
CountryMalediwy
58%
World Capital-35.3149.08Canberra
57%
CountryGwinea Bissau
57%
World Capital31.7835.1Jerozolima
57%
CountrySeszele
57%
CountryWyspy Świętego Tomasza i Książeca
57%
CountryFidżi
56%
CountryMikronezja
56%
CountryRwanda
56%
World Capital4221.26Skopje
56%
World Capital36.810.11Tunis
56%
CountryWyspy Marshalla
56%
CountryBenin
55%
CountryBurkina Faso
55%
World Capital11.5842.2Dżibuti
55%
CountryDżibuti
55%
CountryGabon
55%
US StateMissisipi
55%
World Capital39.02125.3Pjongjang
55%
World Capital42.4319.3Podgorica
55%
CountryBahrajn
54%
CountryGambia
54%
CountryKiribati
54%
US StateKolorado
54%
CountryLesotho
54%
World Capital35.1733.25Nikozja
54%
CountryPalau
54%
World Capital42.6721.16Prisztina
54%
World Capital47.92106.9Ułan Bator
54%
CountryWyspy Salomona
54%
US StateGeorgia
53%
World Capital23.13-82.22Hawana
53%
US StateIdaho
53%
World Capital-12.03-77Lima
53%
CountryMalawi
53%
US StateOklahoma
53%
World Capital34.03-6.8Rabat
53%
CountryTrynidad i Tobago
53%
US StateUtah
53%
World Capital4.58-74Bogota
52%
CountryBrunei
52%
US StateLuizjana
52%
US StateMontana
52%
CountryNauru
52%
US StateOregon
52%
CountrySierra Leone
52%
CountryVanuatu
52%
US StateWirginia
52%
World Capital13.75100.35Bangkok
51%
US StateKentucky
51%
CountryMauritius
51%
US StateMissouri
51%
US StatePensylwania
51%
World Capital-33.45-70.4Santiago
51%
CountryTimor Wschodni
51%
CountryTuvalu
51%
World Capital40.3849.56Baku
50%
CountryBarbados
50%
CountryBurundi
50%
CountryEswatini
50%
US StateIllinois
50%
US StateMichigan
50%
World Capital-34.88-56.11Montevideo
50%
US StateNew Jersey
50%
CountrySaint Lucia
50%
World Capital35.6851.3Teheran
50%
World Capital51.1771.3Astana
49%
US StateKansas
49%
CountryKomory
49%
CountryTonga
49%
World Capital24.4754.22Abu Zabi
48%
US StateArkansas
48%
World Capital33.536.18Damaszek
48%
US StateNebraska
48%
CountrySaint Kitts i Nevis
48%
CountrySaint Vincent i Grenadyny
48%
CountryAntigua i Barbuda
47%
World Capital-6.2106.49Dżakarta
47%
US StateIndiana
47%
US StateMaine
47%
CountrySamoa
47%
US StateWirginia Zachodnia
47%
US StateWyoming
47%
US StateIowa
46%
World Capital14.58121.03Manila
46%
US StateMinnesota
46%
World Capital33.3344.3Bagdad
45%
CountryGrenada
45%
World Capital21.03105.55Hanoi
45%
World Capital41.7244.5Tbilisi
45%
US StateTennessee
45%
World Capital-41.28174.46Wellington
45%
World Capital10.5-66.55Caracas
44%
US StateRhode Island
44%
World Capital24.6346.42Rijad
44%
US StateWisconsin
44%
World Capital40.1844.31Erywań
43%
World Capital-33.9218.5Kapsztad
43%
World Capital-16.5-68.12La Paz
43%
World Capital25.03121.5Tajpej
43%
World Capital14.68-17.29Dakar
42%
World Capital34.5369.11Kabul
42%
World Capital3.13101.41Kuala Lumpur
42%
US StateMassachusetts
42%
World Capital33.8835.31Bejrut
41%
US StateNew Hampshire
41%
World Capital-0.25-78.35Quito
41%
US StateVermont
41%
World Capital25.2851.35Doha
40%
World Capital33.7273.1Islamabad
40%
World Capital-1.2836.48Nairobi
40%
World Capital32.913.07Trypolis
40%
US StateConnecticut
39%
World Capital17.98-76.5Kingston
39%
World Capital13.15-61.1Kingstown
39%
US StateMaryland
39%
World Capital-18.9347.31Antananarywa
38%
US State Capital21.307442-157.857376Honolulu
38%
World Capital27.785.2Katmandu
38%
World Capital-25.7328.2Pretoria
38%
World Capital9.0238.42Addis Abeba
37%
World Capital15.3344.2Sana
37%
World Capital31.9335.52Amman
36%
US StateDelaware
36%
World Capital23.7390.26Dhaka
36%
US State Capital42.358162-71.063698Boston
34%
World Capital-19.05-65.26Sucre
34%
World Capital-25.27-57.3Asunción
33%
World Capital15.6332.35Chartum
33%
World Capital42.8774.46Biszkek
32%
World Capital-4.3215.15Kinszasa
32%
World Capital18.53-72.2Port-au-Prince
32%
World Capital9.93-84.02San José
32%
World Capital6.979.9Sri Dźajawardanapura Kotte
32%
World Capital41.2769.1Taszkent
32%
World Capital13.68-89.1San Salvador
31%
World Capital18.47-69.59Santo Domingo
31%
World Capital17.97102.36Wientian
31%
World Capital9.077.32Abudża
30%
World Capital6.8-58.12Georgetown
30%
World Capital23.658.36Maskat
30%
World Capital2.0345.25Mogadiszu
30%
World Capital11.55104.55Phnom Penh
30%
World Capital5.55-0.06Akra
29%
World Capital11.85-15.45Bissau
28%
US State Capital39.739227-104.984856Denver
28%
World Capital38.5368.48Duszanbe
28%
World Capital-8.8313.15Luanda
28%
World Capital25.07-77.2Nassau
28%
World Capital10.67-61.5Port-of-Spain
28%
World Capital37.9357.5Aszchabad
27%
US State Capital30.27467-97.740349Austin
27%
World Capital26.2250.3Manama
27%
World Capital5.87-55.1Paramaribo
27%
World Capital-9.5147.08Port Moresby
27%
US State Capital38.576668-121.493629Sacramento
27%
US State Capital33.749027-84.388229Atlanta
26%
World Capital-8.57125.34Dili
26%
World Capital17.25-88.3Belmopan
25%
World Capital8.48-13.17Freetown
25%
US State Capital33.448143-112.096962Phoenix
25%
World Capital0.336.39São Tomé
25%
World Capital14.1-87.14Tegucigalpa
25%
World Capital27.4789.45Thimphu
25%
World Capital4.88115Bandar Seri Begawan
24%
World Capital-4.2715.12Brazzaville
24%
World Capital-6.1735.45Dodoma
24%
World Capital0.332.3Kampala
24%
World Capital12.13-86.2Managua
24%
World Capital12.114.59Ndżamena
24%
World Capital13.522.06Niamey
24%
World Capital12.65-7.55Bamako
23%
World Capital4.8531.6Dżuba
23%
World Capital-17.8531.02Harare
23%
World Capital-15.4228.16Lusaka
23%
World Capital19.7596.1Naypyidaw
23%
World Capital-4.6255.5Victoria
23%
World Capital15.3338.55Asmara
22%
World Capital-24.6525.57Gaborone
22%
World Capital-1.9330.04Kigali
22%
World Capital0.389.26Libreville
22%
World Capital6.121.2Lomé
22%
World Capital6.3-10.47Monrovia
22%
World Capital-18.13178.3Suva
22%
World Capital-22.5717.04Windhuk
22%
US State Capital39.768623-86.162643Indianapolis
21%
World Capital3.8711.35Jaunde
21%
World Capital-25.9732.32Maputo
21%
World Capital18.1-15.9Nawakszut
21%
World Capital6.482.63Porto-Novo
21%
World Capital12.35-1.3Wagadugu
21%
World Capital13.45-16.4Bandżul
20%
World Capital-9.43159.57Honiara
20%
World Capital9.52-13.49Konakry
20%
World Capital-20.1557.4Port Louis
20%
World Capital14.92-23.34Praia
20%
US State Capital40.777477-111.888237Salt Lake City
20%
World Capital13.1-59.3Bridgetown
19%
World Capital6.82-5.17Jamusukro
19%
US State Capital35.492207-97.503342Oklahoma City
19%
World Capital15.3-61.24Roseau
19%
World Capital-13.83-171.5Apia
18%
World Capital4.3718.35Bangi
18%
World Capital-13.9833.48Lilongwe
18%
World Capital-26.3231.06Mbabane
18%
World Capital17.12-61.8Saint John’s
18%
World Capital-29.1226.2Bloemfontein
17%
World Capital-3.4329.93Gitega
17%
US State Capital32.303848-90.182106Jackson
17%
World Capital3.758.5Malabo
17%
World Capital-29.327.3Maseru
17%
World Capital-11.6843.16Moroni
17%
World Capital-17.75168.18Port Vila
17%
World Capital12.05-61.75Saint George's
17%
World Capital-0.53166.9Yaren
17%
World Capital14.02-60.58Castries
16%
World Capital-21.13-174Nuku'alofa
16%
World Capital6.92158.09Palikir
16%
World Capital1.43172.98Tarawa
16%
World Capital17.3-62.43Basseterre
15%
World Capital-8.52179.13Funafuti
15%
World Capital7.07171.38Majuro
15%
US State Capital36.16581-86.784241Nashville
15%
World Capital7.48134.6Ngerulmud
15%
US State Capital42.652843-73.757874Albany
14%
US State Capital39.961346-82.999069Columbus
14%
US State Capital46.585709-112.018417Helena
14%
US State Capital58.301598-134.420212Juneau
14%
US State Capital44.938461-123.030403Salem
14%
US State Capital35.68224-105.939728Santa Fe
14%
US State Capital30.457069-91.187393Baton Rouge
13%
US State Capital46.82085-100.783318Bismarck
13%
US State Capital43.617775-116.199722Boise
13%
US State Capital39.163914-119.766121Carson City
13%
US State Capital47.035805-122.905014Olympia
13%
US State Capital30.438118-84.281296Tallahassee
13%
US State Capital41.140259-104.820236Cheyenne
12%
US State Capital34.000343-81.033211Columbia
12%
US State Capital41.591087-93.603729Des Moines
12%
US State Capital40.808075-96.699654Lincoln
12%
US State Capital34.746613-92.288986Little Rock
12%
US State Capital32.377716-86.300568Montgomery
12%
US State Capital37.538857-77.43364Richmond
12%
US State Capital44.955097-93.102211Saint Paul
12%
US State Capital39.798363-89.654961Springfield
12%
US State Capital38.336246-81.612328Charleston
11%
US State Capital39.157307-75.519722Dover
11%
US State Capital38.579201-92.172935Jefferson City
11%
US State Capital43.074684-89.384445Madison
11%
US State Capital44.367031-100.346405Pierre
11%
US State Capital41.830914-71.414963Providence
11%
US State Capital35.78043-78.639099Raleigh
11%
US State Capital39.048191-95.677956Topeka
11%
US State Capital38.978764-76.490936Annapolis
10%
US State Capital44.307167-69.781693Augusta
10%
US State Capital43.206898-71.537994Concord
10%
US State Capital38.186722-84.875374Frankfort
10%
US State Capital40.264378-76.883598Harrisburg
10%
US State Capital41.764046-72.682198Hartford
10%
US State Capital42.733635-84.555328Lansing
10%
US State Capital44.262436-72.580536Montpelier
10%
US State Capital40.220596-74.769913Trenton
10%
World Capital6.372.39Kotonu
8%

Rozkład punktacji

Percentyl według liczby udzielonych odpowiedzi

Procent ludzi z każdym wynikiem

Twoja historia wyników

Nie rozwiązałeś tego quizu